000 01159nam a22003377a 4500
003 CHAP
005 20220329133533.0
008 971013s1993 r 00010 d
010 _a7565
011 _a8537
035 _a7766
040 _cCHAP
090 _aTesis
100 0 0 _aJara Aguilar, David.
_961099
245 _aDegradación de los componentes de la fibra de la dieta por efecto de probióticos en bovinos
260 _aChapingo, Méx. :
_bEl autor,
_c1993
300 _a54 h
502 _aTesis (Ing. Agr. Esp. en Zootecnia) -- UACH. Departamento de Zootecnia
590 _aALEPH
_b10
_c20130110
_lUCH01
_h1220
590 _aBATCH-UPD
_b10
_c20130110
_lUCH01
_h0932
590 _aBATCH-UPD
_b10
_c20130410
_lUCH01
_h0551
590 _aBATCH-UPD
_b10
_c20130914
_lUCH01
_h0234
590 _aCONVERSION
_b10
_c20130109
_lUCH01
_h1305
650 1 4 _aAlimentos y alimentación del ganado
_xDigestibilidad.
_94333
650 1 4 _aFibras vegetales en nutrición animal.
_940707
650 1 4 _aProbióticos.
_991693
710 0 _aUACH. Departamento de Zootecnia.
_9115904
901 _aBK
942 _cTESIS
949 _bBC
_cTES
_d-17609
_eTS1
_h26185
_i7766
_si
999 _c7565
_d7565